000 00421nam a2200169Ia 4500
003 GCL
008 140319s9999 xx 000 0 eng d
040 _aGCL /
_cGCL
082 0 4 _aCH
_b843
_bM M
100 1 _aMOMMAERTS, MYRIAM
245 1 0 _aCORALIE: A LA MONTAGNE /
_cMOMMAERTS, MYRIAM
260 _a[S.N] :
_bHEMMA
650 0 4 _aFICTION
650 0 4 _aFRENCH FICTION
650 0 4 _aFRENCH LITERATURE
942 _2ddc
_cBK
999 _c14496
_d14496